Catalog

Record Details

Catalog Search



Available copies

  • 1 of 1 copy available at LARL/NWRL Consortium. (Show)
  • 1 of 1 copy available at Northwest Regional Library.

Current holds

0 current holds with 1 total copy.

Show Only Available Copies
Location Call Number / Copy Notes Barcode Shelving Location Status Due Date
Roseau Public Library HIR (Text) 35500003358122 Main Available -

Record details

  • ISBN: 0765308002
  • Physical Description: 447 p. ; 22 cm.
  • Edition: 1st hardcover ed.
  • Publisher: New York : Tom Doherty Associates, 2003.

Content descriptions

General Note:
"A Forge book"--T.p. verso.
Subject: Swindlers and swindling > Fiction.
Dead > Identification > Fiction.
Organized crime > Fiction.
Florida > Fiction.
Cults > Fiction.
Genre: Humorous fiction.
LDR 01038nam a22003258a 4500
00150819
003LARL_NWRL_CONSORTIUM
00520030716180632.0
008030424s2003 nyu 000 1 eng
010 . ‡a2003009214
020 . ‡a0765308002
03500. ‡ilcmarc/BCA-6265/NWRLTECH
040 . ‡aDLC ‡cDLC ‡dDLC
043 . ‡an-us-fl
08200. ‡a813/.54 ‡221
099 . ‡aHIR
1001 . ‡aHirschfeld, Corson. ‡0(LARL_NWRL_CONSORTIUM)93380
24510. ‡aFreeze dry / ‡cCorson Hirschfeld.
250 . ‡a1st hardcover ed.
260 . ‡aNew York : ‡bTom Doherty Associates, ‡c2003.
300 . ‡a447 p. ; ‡c22 cm.
500 . ‡a"A Forge book"--T.p. verso.
650 0. ‡aSwindlers and swindling ‡vFiction. ‡0(LARL_NWRL_CONSORTIUM)167282
650 0. ‡aDead ‡xIdentification ‡vFiction.
650 0. ‡aOrganized crime ‡vFiction. ‡0(LARL_NWRL_CONSORTIUM)166507
651 0. ‡aFlorida ‡vFiction. ‡0(LARL_NWRL_CONSORTIUM)164960
650 0. ‡aCults ‡vFiction. ‡0(LARL_NWRL_CONSORTIUM)164393
655 7. ‡aHumorous fiction. ‡2gsafd
901 . ‡a50819 ‡bISxN ‡c50819 ‡tbiblio

Additional Resources